| 000 | 00462nam a2200205Ia 4500 | ||
|---|---|---|---|
| 008 | 210210b1976 xxu||||| |||| 00| 0 eng d | ||
| 020 | _a0 85226 243 4 | ||
| 082 | _a581.5 ETHE | ||
| 100 | _aETHERINGTON (John R) | ||
| 245 | _aEnvironment and plant ecology. | ||
| 250 | _a | ||
| 260 |
_aN Delhi _b _c1976 |
||
| 300 | _axii,347 | ||
| 650 | _aplant | ||
| 650 | _aEnvironment | ||
| 650 | _aecology. | ||
| 650 | _aand | ||
| 690 | _aBotany | ||
| 906 | _a034229 | ||
| 999 |
_c84828 _d84828 |
||